Topografía subterránea
Saved in:
| Hovedforfatter: | |
|---|---|
| Format: | Bog |
| Sprog: | spansk |
| Udgivet: |
Madrid
Paraninfo
1971
|
| Fag: | |
| Tags: |
Tilføj Tag
Ingen Tags, Vær først til at tagge denne postø!
|
MARC
| LEADER | 00000nam a2200000 a 4500 | ||
|---|---|---|---|
| 001 | UCU3232 | ||
| 003 | CL-VaPUC | ||
| 008 | 960502e19710000SP |||||||||||||||||spa|d | ||
| 082 | 0 | 4 | |a 526.98 |b TAT |2 21 |
| 100 | 0 | |a Taton, Robert |e author |9 360043 | |
| 245 | 1 | 0 | |a Topografía subterránea |
| 300 | |a 186 p | ||
| 942 | |c BK | ||
| 945 | |d 19960502 00:00:00 |a lriquelm | ||
| 260 | |a Madrid |b Paraninfo |c 1971 | ||
| 650 | 0 | |a Topografía |9 260423 | |
| 650 | 7 | |a PLANIMETRIA |2 CL-VaPUC |9 360044 | |
| 650 | 7 | |a SONDEOS SUBTERRANEOS |2 CL-VaPUC |9 360045 | |
| 650 | 7 | |a LEVANTAMIENTOS SUBTERRANEOS |2 CL-VaPUC |9 360046 | |
| 650 | 7 | |a PROSPECCION MINERA |2 CL-VaPUC |9 360047 | |
| 583 | |a last modification |c 19960502 00:00:00 |k Rodrigo Vera | ||
| 999 | |c 247314 |d 247312 | ||
| 952 | |0 0 |1 0 |4 0 |6 526_980000000000000_TAT_1971 |7 0 |8 A |9 263150 |a BIBING |b BIBING |d 2019-11-19 |i 1652788 |o 526.98 TAT 1971 |p 1652788 |r 2025-01-20 |w 2019-11-19 |y BK |k CCL | ||